Statistics for Lana Del Rey - Let The Light In Lyrics

Click here to take the quiz!

General Stats

  • This quiz has been taken 75 times
    (72 since last reset)
  • The average score is 243 of 276

Answer Stats

Answer% Correct
I
100%
in
100%
let
100%
light
100%
the
100%
a
98%
'cause
98%
'Cause
98%
to
98%
You
98%
you
98%
back
96%
come
96%
do
96%
love
96%
on
96%
On
96%
wanna
96%
want
96%
your
96%
door
93%
hate
93%
At
91%
at
91%
be
91%
go
91%
turn
91%
and
89%
me
89%
Oh
89%
again
88%
it
88%
know
88%
need
88%
Pick
88%
up
88%
so
86%
some
86%
us
86%
we
86%
can
84%
get
84%
quarter
84%
somethin'
84%
two
84%
around
82%
Ask
82%
eat
82%
Got
82%
got
82%
Look
82%
over
82%
Put
82%
fun
80%
have
80%
if
80%
nothin'
80%
three
80%
who
80%
drunk
79%
just
79%
my
79%
one
79%
say
79%
that
79%
yelling
79%
Don't
77%
girl
77%
I'm
77%
like
77%
bed
75%
sleep
75%
this
75%
you're
75%
dress
73%
time
73%
Usually
73%
actin'
71%
already
71%
Drive
71%
every
71%
gonna
71%
kinda
71%
never
71%
song
71%
babe
70%
smile
70%
stop
70%
candles
68%
tight
68%
under
68%
shinin'
66%
Beatles
64%
head
64%
home
64%
how
64%
night
64%
of
64%
overcoat
64%
record
64%
TV
64%
write
64%
flowers
63%
songs
63%
Screw
61%
should
61%
vase
59%
life
57%
Wake
57%
maybe
55%
much
55%
there's
52%
lie
50%
ridin'
46%

Score Distribution

Percentile by Number Answered

Percent of People with Each Score

Your Score History

You have not taken this quiz since the last reset